000
00310pab a2200145 454500
008
180718b1986 xxu||||| |||| 00| 0 eng d
100
_a
Allison, John
245
_a
Fax facts
260
_c
1986
300
_a
24-6
362
_a
May
650
_a
Technology
773
_a
Management Services
909
_a
19108
999
_c
19108
_d
19108